000 00641nam a2200229Ia 4500
003 OSt
005 20221007075647.0
006 a|||||r|||| 00| 0
007 ta
008 221006b |||||||| |||| 00| 0 eng d
024 _a12,632
037 _cTextual
040 _aFLL
_cFLL
_beng
041 _2eng
_aeng
082 _aV2,32OaW6.2.N7, M5
100 _aPachauri P.S. Au.
_9694098
245 0 _aDemocracy and the second chamber
260 _aNew Delhi
_bNational publishing house India
_c1985
300 _a298p
_ccm.
942 _hV2,32OaW6.2.N7, M5
_cTEXL
_2CC
999 _c1156914
_d1156914